[Event "Asia zt 3.3 (Women)"]
[Site "Jakarta"]
[Date "2023.05.08"]
[Round "4"]
[White "Foudzi, Sitii Zulaikha"]
[Black "Nur Abidah, Shanti"]
[Result "1/2-1/2"]
[WhiteElo "2136"]
[BlackElo "2053"]
[PlyCount "107"]
[EventDate "2023.05.06"]
[EventType "swiss"]
[EventRounds "9"]
[EventCountry "INA"]
[SourceTitle "CBM 214 Extra"]
[Source "ChessBase"]
[SourceDate "2023.07.31"]
[SourceVersion "1"]
[SourceVersionDate "2023.07.31"]
[SourceQuality "1"]

1. e4 d5 2. exd5 Qxd5 3. Nc3 Qa5 4. d4 Nf6 5. Nf3 Bf5 6. Bd2 c6 7. Bc4 e6 8. h3 Bb4 9. a3 Bxc3 10. Bxc3 Qc7 11. Qe2 Nbd7 12. 0-0-0 Nd5 13. Bd2 b5 14. Ba2 h6 15. g4 Bh7 16. Ne5 Nxe5 17. dxe5 Qb6 18. f4 Qc5 19. Bb1 a5 20. Rhf1 b4 21. Rf3 0-0 22. Rdf1 bxa3 23. Rxa3 Nb4 24. f5 Rfd8 25. Rc3 Qd5 26. Rc4 Rab8 27. Rf3 Rb5 28. c3 Rc5 29. Rxc5 Qxc5 30. Be3 Qxe5 31. cxb4 axb4 32. fxe6 Qxe6 33. Bxh7+ Kxh7 34. Qc2+ Kg8 35. Bd2 c5 36. Re3 Qg6 37. Qb3 Qd6 38. Re2 Qd4 39. Qe3 Qc4+ 40. Kd1 Qa2 41. Ke1 Qxb2 42. Qxc5 Qb1+ 43. Kf2 Qh1 44. Kg3 Rd3+ 45. Be3 Qg1+ 46. Kf4 Qd1 47. Qc8+ Rd8 48. Qc2 Qf1+ 49. Rf2 Qxh3 50. Qe4 Rd6 51. Qe8+ Kh7 52. Qe4+ Kg8 53. Qe8+ Kh7 54. Qe4+ 1/2-1/2

[Event "Asia zt 3.3 (Women)"]
[Site "Jakarta"]
[Date "2023.05.06"]
[Round "1"]
[White "Foudzi, Sitii Zulaikha"]
[Black "Sukandar, Irine Kharisma"]
[Result "0-1"]
[WhiteElo "2136"]
[BlackElo "2390"]
[PlyCount "52"]
[EventDate "2023.05.06"]
[EventType "swiss"]
[EventRounds "9"]
[EventCountry "INA"]
[SourceTitle "CBM 214 Extra"]
[Source "ChessBase"]
[SourceDate "2023.07.31"]
[SourceVersion "1"]
[SourceVersionDate "2023.07.31"]
[SourceQuality "1"]

1. e4 e5 2. Nf3 Nc6 3. Bb5 a6 4. Ba4 Nf6 5. 0-0 Be7 6. Re1 b5 7. Bb3 d6 8. c3 0-0 9. h3 Bb7 10. d4 Re8 11. Nbd2 Bf8 12. Ng5 Re7 13. Ndf3 h6 14. Nxf7 Rxf7 15. Bxf7+ Kxf7 16. Qb3+ Kg6 17. Nh4+ Kh7 18. Qf7 exd4 19. cxd4 Qe8 20. Qxc7 Ra7 21. Nf5 Ba8 22. Nxd6 Qg6 23. Qc8 Bxd6 24. Be3 Ne7 25. Qe6 Bxe4 26. g4 Rd7 0-1

[Event "Wch Blitz (Women)"]
[Site "Almaty"]
[Date "2022.12.30"]
[Round "13"]
[White "Balakanova, Bakhyt"]
[Black "Foudzi, Sitii Zulaikha"]
[Result "0-1"]
[WhiteElo "1943"]
[BlackElo "2136"]
[PlyCount "64"]
[EventDate "2022.12.29"]
[EventType "swiss (blitz)"]
[EventRounds "17"]
[EventCountry "KAZ"]
[SourceTitle "CBM 211 Extra"]
[Source "ChessBase"]
[SourceDate "2023.01.31"]
[SourceVersion "1"]
[SourceVersionDate "2023.01.31"]
[SourceQuality "1"]

1. e4 c5 2. Nc3 e6 3. g3 Nc6 4. Bg2 d6 5. d3 g6 6. Nge2 Bg7 7. Be3 Nd4 8. 0-0 Ne7 9. h3 0-0 10. f4 f5 11. g4 Nec6 12. Ng3 a6 13. g5 e5 14. h4 exf4 15. Bxf4 Ne5 16. h5 gxh5 17. Nxh5 Be6 18. exf5 Nxf5 19. Ne4 Rb8 20. Nhf6+ Bxf6 21. Nxf6+ Rxf6 22. gxf6 Qxf6 23. Qh5 Ng6 24. Bg5 Qd4+ 25. Kh1 Ng3+ 26. Kh2 Nxh5 27. Rae1 Bf7 28. c3 Qg4 29. Be7 Qg3+ 30. Kg1 Nhf4 31. Rf2 Nxg2 32. Rxg2 Qxe1+ 0-1

[Event "Wch Blitz (Women)"]
[Site "Almaty"]
[Date "2022.12.30"]
[Round "12"]
[White "Balakanova, Gulnar"]
[Black "Foudzi, Sitii Zulaikha"]
[Result "0-1"]
[WhiteElo "1747"]
[BlackElo "2136"]
[PlyCount "100"]
[EventDate "2022.12.29"]
[EventType "swiss (blitz)"]
[EventRounds "17"]
[EventCountry "KAZ"]
[SourceTitle "CBM 211 Extra"]
[Source "ChessBase"]
[SourceDate "2023.01.31"]
[SourceVersion "1"]
[SourceVersionDate "2023.01.31"]
[SourceQuality "1"]

1. e4 g6 2. Nc3 Bg7 3. Nge2 d6 4. g3 Nc6 5. Bg2 e5 6. h3 Nf6 7. 0-0 0-0 8. d3 a6 9. Be3 b5 10. Qd2 Bb7 11. Bh6 b4 12. Nd1 d5 13. Bxg7 Kxg7 14. exd5 Nxd5 15. Ne3 Nce7 16. Nxd5 Nxd5 17. f4 Qd6 18. fxe5 Qxe5 19. c4 bxc3 20. bxc3 Rab8 21. Rae1 Qe3+ 22. Qxe3 Nxe3 23. Bxb7 Nxf1 24. Bxa6 Nd2 25. Kf2 Ra8 26. Rd1 Rxa6 27. Rxd2 Rfa8 28. c4 Rxa2 29. Rxa2 Rxa2 30. Ke3 Kf6 31. h4 c5 32. Nf4 Ke5 33. Ne2 Rc2 34. Nf4 h5 35. Ne2 Rxe2+ 36. Kxe2 Kd4 37. Kd2 f6 38. Ke2 g5 39. Kd2 gxh4 40. gxh4 f5 41. Ke2 f4 42. Kf3 Kxd3 43. Kxf4 Kxc4 44. Kg5 Kd5 45. Kxh5 c4 46. Kg6 c3 47. h5 c2 48. h6 c1Q 49. h7 Qb2 50. Kf7 Qh8 0-1

[Event "Wch Blitz (Women)"]
[Site "Almaty"]
[Date "2022.12.29"]
[Round "6"]
[White "Foudzi, Sitii Zulaikha"]
[Black "Bauyrzhan, Arnash"]
[Result "0-1"]
[WhiteElo "2136"]
[BlackElo "1941"]
[PlyCount "76"]
[EventDate "2022.12.29"]
[EventType "swiss (blitz)"]
[EventRounds "17"]
[EventCountry "KAZ"]
[SourceTitle "CBM 211 Extra"]
[Source "ChessBase"]
[SourceDate "2023.01.31"]
[SourceVersion "1"]
[SourceVersionDate "2023.01.31"]
[SourceQuality "1"]

1. e4 c5 2. Nf3 e6 3. d4 cxd4 4. Nxd4 a6 5. c4 Nf6 6. Nc3 Bb4 7. Bd3 Qc7 8. 0-0 Nc6 9. Nxc6 dxc6 10. f4 Bc5+ 11. Kh1 e5 12. fxe5 Ng4 13. Qe1 Be6 14. Bf4 0-0-0 15. Be2 h5 16. Rd1 Rdg8 17. a3 g5 18. Bg3 Ne3 19. b4 Nxf1 20. Qxf1 h4 21. Be1 Be3 22. Qf3 Bf4 23. c5 Qxe5 24. Na4 g4 25. Nb6+ Kb8 26. Qc3 Rd8 27. Qxe5+ Bxe5 28. Rc1 h3 29. gxh3 Rxh3 30. Bc3 Rxh2+ 31. Kg1 Rxe2 32. Bxe5+ Ka7 33. Rf1 Rdd2 34. Bd6 Rg2+ 35. Kh1 Rgf2 36. Rxf2 Rxf2 37. Kg1 Re2 38. Kf1 Rxe4 0-1

[Event "Wch Blitz (Women)"]
[Site "Almaty"]
[Date "2022.12.29"]
[Round "3"]
[White "Kamalidenova, Meruert"]
[Black "Foudzi, Sitii Zulaikha"]
[Result "1-0"]
[WhiteElo "2285"]
[BlackElo "2136"]
[PlyCount "63"]
[EventDate "2022.12.29"]
[EventType "swiss (blitz)"]
[EventRounds "17"]
[EventCountry "KAZ"]
[SourceTitle "CBM 211 Extra"]
[Source "ChessBase"]
[SourceDate "2023.01.31"]
[SourceVersion "1"]
[SourceVersionDate "2023.01.31"]
[SourceQuality "1"]

1. e4 g6 2. d4 Bg7 3. Nc3 d6 4. Nf3 a6 5. Bd3 Nc6 6. Be3 Bg4 7. Be2 e5 8. dxe5 dxe5 9. Qxd8+ Rxd8 10. Nd5 Rd7 11. 0-0-0 Bxf3 12. Bxf3 Nge7 13. Bg4 f5 14. Nxe7 Nxe7 15. exf5 gxf5 16. Bh5+ Ng6 17. Bg5 Rd6 18. Bf3 e4 19. Be2 b5 20. f3 h6 21. Bd2 Kf7 22. fxe4 fxe4 23. Bh5 Re8 24. Be3 Re5 25. Rhf1+ Bf6 26. g4 Kg7 27. Bd4 Rxd4 28. Rxd4 e3 29. Re1 e2 30. g5 Bxg5+ 31. Kb1 Nf4 32. Rd7+ 1-0

[Event "Olympiad Women-44"]
[Site "Chennai"]
[Date "2022.08.06"]
[Round "8.1"]
[White "Foudzi, Sitii Zulaikha"]
[Black "Silva Rosas, Natalia"]
[Result "1-0"]
[WhiteElo "2188"]
[BlackElo "1780"]
[PlyCount "73"]
[EventDate "2022.07.29"]
[EventType "team-swiss"]
[EventRounds "11"]
[EventCountry "IND"]
[SourceTitle "CBM 210"]
[Source "ChessBase"]
[SourceDate "2022.10.31"]
[SourceVersion "1"]
[SourceVersionDate "2022.10.31"]
[SourceQuality "1"]
[WhiteTeam "Malaysia (W)"]
[BlackTeam "Uruguay (W)"]
[WhiteTeamCountry "MAS"]
[BlackTeamCountry "URU"]

1. e4 c5 2. b3 Nf6 3. Nc3 d6 4. Bb2 g6 5. Bb5+ Nbd7 6. f4 a6 7. Bxd7+ Bxd7 8. Qe2 e5 9. Nf3 Bg4 10. 0-0-0 Bg7 11. h3 Bxf3 12. Qxf3 c4 13. g4 cxb3 14. axb3 0-0 15. f5 Qa5 16. g5 Nh5 17. f6 Bh8 18. Nd5 Rfe8 19. Rdg1 Rac8 20. Rg4 Qc5 21. Bc3 a5 22. Qe3 Qxe3 23. dxe3 Rc5 24. Kd2 Kf8 25. Ra1 Rxc3 26. Kxc3 Rc8+ 27. Kd3 Ra8 28. c4 Ra7 29. Ra4 h6 30. h4 Ke8 31. b4 b6 32. Nxb6 Bxf6 33. gxf6 Nxf6 34. Rg2 Rb7 35. bxa5 Kd8 36. a6 Ra7 37. Rb2 1-0

[Event "Olympiad Women-44"]
[Site "Chennai"]
[Date "2022.08.01"]
[Round "4.1"]
[White "Foudzi, Sitii Zulaikha"]
[Black "Houska, Jovanka"]
[Result "1/2-1/2"]
[WhiteElo "2188"]
[BlackElo "2360"]
[PlyCount "103"]
[EventDate "2022.07.29"]
[EventType "team-swiss"]
[EventRounds "11"]
[EventCountry "IND"]
[SourceTitle "CBM 210"]
[Source "ChessBase"]
[SourceDate "2022.10.31"]
[SourceVersion "1"]
[SourceVersionDate "2022.10.31"]
[SourceQuality "1"]
[WhiteTeam "Malaysia (W)"]
[BlackTeam "England (W)"]
[WhiteTeamCountry "MAS"]
[BlackTeamCountry "ENG"]

1. e4 c6 2. d4 d5 3. exd5 cxd5 4. Bd3 Nc6 5. c3 Qc7 6. Ne2 Bg4 7. f3 Bd7 8. Na3 a6 9. Qb3 Nf6 10. 0-0 Na5 11. Qc2 e6 12. Bf4 Bd6 13. Bxd6 Qxd6 14. b4 b5 15. Qd2 Nb7 16. Rae1 Qc7 17. g4 h6 18. Ng3 Nd6 19. Qf4 Kf8 20. h4 a5 21. Nc2 Nfe8 22. Ne2 Kg8 23. Rf2 g6 24. Rg2 Kg7 25. Qe5+ f6 26. Qg3 g5 27. f4 Nf7 28. Rh2 axb4 29. Nxb4 Ra3 30. Bb1 gxh4 31. Qd3 Kf8 32. Rxh4 Rg8 33. Kf2 Ned6 34. Qf3 Bc8 35. Rc1 Bb7 36. Ng3 Ke7 37. Qe3 Nc4 38. Qf3 Nd2 39. Qe3 Nxb1 40. Rxb1 Rxc3 41. Nd3 Qc4 42. Rb3 Rc2+ 43. Kf3 e5 44. Nf5+ Kd8 45. fxe5 fxe5 46. Nxh6 Ng5+ 47. Kg3 Ne4+ 48. Kh3 Ng5+ 49. Kg3 Ne4+ 50. Kh3 Ng5+ 51. Kg3 Ne4+ 52. Kh3 1/2-1/2

[Event "Olympiad Women-37"]
[Site "Turin"]
[Date "2006.06.04"]
[Round "13"]
[White "Ibraheem, Delbak Ismael"]
[Black "Foudzi, Sitii Zulaikha"]
[Result "0-1"]
[WhiteElo "1897"]
[BlackElo "2169"]
[PlyCount "44"]
[EventDate "2006.05.21"]
[EventType "team-swiss"]
[EventRounds "13"]
[EventCountry "ITA"]
[SourceTitle "CBM 112 Extra"]
[Source "ChessBase"]
[SourceDate "2006.07.14"]
[SourceVersion "1"]
[SourceVersionDate "2006.07.14"]
[SourceQuality "1"]
[WhiteTeam "Iraq (W)"]
[BlackTeam "Malaysia (W)"]
[WhiteTeamCountry "IRQ"]
[BlackTeamCountry "MAS"]

1. e4 c5 2. Nc3 Nc6 3. f4 g6 4. Nf3 Bg7 5. Bc4 e6 6. 0-0 Nge7 7. d3 d5 8. Bb3 0-0 9. Qe1 Nd4 10. f5 exf5 11. Bxd5 Nxd5 12. Nxd5 Nxc2 13. Qg3 Nxa1 14. Bg5 f6 15. Be3 b6 16. Rxa1 Bb7 17. Nf4 fxe4 18. dxe4 Qe7 19. Re1 Qf7 20. b3 Rfe8 21. Nd2 Rad8 22. Qf3 f5 0-1

[Event "Olympiad Women-37"]
[Site "Turin"]
[Date "2006.05.30"]
[Round "9"]
[White "Foudzi, Sitii Zulaikha"]
[Black "Ortiz, Nadya Karolina"]
[Result "0-1"]
[WhiteElo "2169"]
[BlackElo "2184"]
[PlyCount "98"]
[EventDate "2006.05.21"]
[EventType "team-swiss"]
[EventRounds "13"]
[EventCountry "ITA"]
[SourceTitle "CBM 112 Extra"]
[Source "ChessBase"]
[SourceDate "2006.07.14"]
[SourceVersion "1"]
[SourceVersionDate "2006.07.14"]
[SourceQuality "1"]
[WhiteTeam "Malaysia (W)"]
[BlackTeam "Columbia (W)"]
[WhiteTeamCountry "MAS"]
[BlackTeamCountry "COL"]

1. e4 c5 2. Nc3 d6 3. f4 g6 4. Nf3 Bg7 5. Bb5+ Bd7 6. Bxd7+ Qxd7 7. d3 e6 8. 0-0 Ne7 9. Kh1 Nbc6 10. Qe1 0-0 11. e5 Nf5 12. exd6 Qxd6 13. Ne4 Qc7 14. c3 b6 15. Rb1 h5 16. b4 cxb4 17. cxb4 Rfd8 18. b5 Nce7 19. Ne5 Qb7 20. Bb2 Rac8 21. Rc1 Rxc1 22. Qxc1 Nd4 23. Bxd4 Rxd4 24. Qc3 Rd8 25. Qa3 Nf5 26. Rc1 Qd5 27. Qxa7 Bxe5 28. fxe5 Qxb5 29. Ng5 Rd7 30. Qb8+ Kg7 31. Nf3 Ne7 32. Rc7 Rxd3 33. h3 Rxf3 34. gxf3 Qf1+ 35. Kh2 Qf2+ 36. Kh1 Nf5 37. Rxf7+ Kxf7 38. Qc7+ Ne7 39. Qb7 Qe1+ 40. Kg2 Qe2+ 41. Kg1 b5 42. f4 Qd1+ 43. Kf2 Qd4+ 44. Ke2 b4 45. Qb8 Qxf4 46. Qh8 Qh2+ 47. Kd1 Qxa2 48. Qf6+ Ke8 49. Qh8+ Kd7 0-1

[Event "Olympiad Women-37"]
[Site "Turin"]
[Date "2006.05.29"]
[Round "8"]
[White "Ellappen, Jenine"]
[Black "Foudzi, Sitii Zulaikha"]
[Result "0-1"]
[WhiteElo "1934"]
[BlackElo "2169"]
[PlyCount "96"]
[EventDate "2006.05.21"]
[EventType "team-swiss"]
[EventRounds "13"]
[EventCountry "ITA"]
[SourceTitle "CBM 112 Extra"]
[Source "ChessBase"]
[SourceDate "2006.07.14"]
[SourceVersion "1"]
[SourceVersionDate "2006.07.14"]
[SourceQuality "1"]
[WhiteTeam "South Africa (W)"]
[BlackTeam "Malaysia (W)"]
[WhiteTeamCountry "RSA"]
[BlackTeamCountry "MAS"]

1. e4 c5 2. Nf3 Nc6 3. Nc3 g6 4. d4 cxd4 5. Nxd4 Bg7 6. Be3 Nf6 7. f3 0-0 8. Qd2 d5 9. 0-0-0 dxe4 10. Nxc6 Qxd2+ 11. Rxd2 bxc6 12. Nxe4 Nd5 13. Bc5 Bh6 14. Kd1 Bxd2 15. Kxd2 Re8 16. c4 Nf6 17. Nf2 a5 18. g4 Be6 19. Kc3 Nd7 20. Be3 f5 21. h4 fxg4 22. fxg4 Ne5 23. Be2 Rf8 24. g5 Bf5 25. h5 Nf7 26. Ng4 Bxg4 27. Bxg4 e5 28. Bc5 Nxg5 29. Bxf8 Rxf8 30. hxg6 hxg6 31. Re1 Rf4 32. Bd7 Ne4+ 33. Kc2 Rf2+ 34. Kd1 Rd2+ 35. Kc1 Rxd7 36. Rxe4 Re7 37. c5 Kf7 38. Ra4 Ra7 39. b4 Ke6 40. Kd2 Kd5 41. Kd3 g5 42. a3 g4 43. bxa5 g3 44. Rg4 Rxa5 45. a4 g2 46. Rxg2 Rxa4 47. Rc2 Ra3+ 48. Kd2 Ra5 0-1

[Event "Olympiad Women-37"]
[Site "Turin"]
[Date "2006.05.21"]
[Round "1"]
[White "Foudzi, Sitii Zulaikha"]
[Black "Zhao, Xue"]
[Result "0-1"]
[WhiteElo "2169"]
[BlackElo "2423"]
[PlyCount "66"]
[EventDate "2006.05.21"]
[EventType "team-swiss"]
[EventRounds "13"]
[EventCountry "ITA"]
[SourceTitle "CBM 112 Extra"]
[Source "ChessBase"]
[SourceDate "2006.07.14"]
[SourceVersion "1"]
[SourceVersionDate "2006.07.14"]
[SourceQuality "1"]
[WhiteTeam "Malaysia (W)"]
[BlackTeam "China (W)"]
[WhiteTeamCountry "MAS"]
[BlackTeamCountry "CHN"]

1. e4 c5 2. Nc3 d6 3. f4 g6 4. d4 cxd4 5. Qxd4 Nf6 6. e5 Nc6 7. Bb5 Nh5 8. Nf3 Bg7 9. 0-0 0-0 10. Qe4 Bf5 11. Qe2 Bg4 12. Bxc6 bxc6 13. exd6 exd6 14. Qf2 Qb6 15. h3 Bxf3 16. Qxb6 axb6 17. Rxf3 f5 18. a3 Rfe8 19. Bd2 d5 20. Re1 Nf6 21. Rxe8+ Rxe8 22. Be3 c5 23. Bf2 d4 24. Na4 Re2 25. c3 Ne4 26. cxd4 cxd4 27. Bh4 b5 28. Nb6 Rxb2 29. Nd5 Rb1+ 30. Rf1 Rb3 31. Rf3 d3 32. Be7 d2 33. Rf1 Rd3 0-1

[Event "Jinan 3 Arrows Cup"]
[Site "Jinan"]
[Date "2005.04.15"]
[Round "4"]
[White "Andriasian, Siranush"]
[Black "Foudzi, Sitii Zulaikha"]
[Result "1-0"]
[WhiteElo "2263"]
[BlackElo "2158"]
[PlyCount "89"]
[EventDate "2005.04.14"]
[EventType "tourn"]
[EventRounds "11"]
[EventCountry "CHN"]
[EventCategory "2"]
[SourceTitle "CBM 105 Extra"]
[Source "ChessBase"]
[SourceDate "2005.05.01"]
[SourceVersion "1"]
[SourceVersionDate "2005.05.01"]
[SourceQuality "1"]

1. e4 c5 2. Nf3 Nc6 3. Bb5 g6 4. 0-0 Bg7 5. c3 Nf6 6. Re1 0-0 7. d4 cxd4 8. cxd4 a6 9. Ba4 d6 10. Nc3 b5 11. Bc2 Bb7 12. a3 Nd7 13. Be3 Na5 14. Qc1 Nc4 15. Bh6 Rc8 16. Bxg7 Kxg7 17. Bd3 Ndb6 18. Qb1 Qd7 19. Ne2 f5 20. Ng3 f4 21. Nf1 Na5 22. d5 Nb3 23. Ra2 e5 24. Bc2 Nc5 25. b3 Qe7 26. Qd1 g5 27. h3 h5 28. N1h2 Rc7 29. g4 fxg3 30. fxg3 Bc8 31. Qd2 g4 32. hxg4 hxg4 33. Nh4 Bd7 34. Bd1 Rh8 35. Bxg4 Bxg4 36. Nxg4 Rxh4 37. gxh4 Qxh4 38. Nh2 Kh7 39. Kh1 Nxb3 40. Qe2 Nd4 41. Qf1 Na4 42. Rf2 Qh5 43. Re3 Qg6 44. Rh3+ Kg7 45. Rg2 1-0

[Event "Jinan 3 Arrows Cup"]
[Site "Jinan"]
[Date "2005.04.15"]
[Round "3"]
[White "Foudzi, Sitii Zulaikha"]
[Black "Hou, Yifan"]
[Result "1-0"]
[WhiteElo "2158"]
[BlackElo "2158"]
[PlyCount "69"]
[EventDate "2005.04.14"]
[EventType "tourn"]
[EventRounds "11"]
[EventCountry "CHN"]
[EventCategory "2"]
[SourceTitle "CBM 105 Extra"]
[Source "ChessBase"]
[SourceDate "2005.05.01"]
[SourceVersion "1"]
[SourceVersionDate "2005.05.01"]
[SourceQuality "1"]

1. e4 e6 2. d3 d5 3. Nd2 Nf6 4. Ngf3 b6 5. g3 dxe4 6. dxe4 Bc5 7. Bg2 Ba6 8. c4 Qd3 9. Qe2 Qxe2+ 10. Kxe2 Nc6 11. a3 0-0-0 12. b4 Nd4+ 13. Nxd4 Bxd4 14. Ra2 Ng4 15. h3 Ne5 16. Rc2 b5 17. c5 Nc4 18. Nb3 Bf6 19. f4 Bb7 20. Bf3 Rd7 21. Rd1 Rxd1 22. Kxd1 Rd8+ 23. Ke2 h6 24. Nd2 Nxd2 25. Bxd2 Rd4 26. c6 Ba6 27. e5 Be7 28. Be3 Rc4 29. Rd2 Rc3 30. Rd7 Bd8 31. Rxf7 Rxa3 32. Bg4 Ra2+ 33. Bd2 Rc2 34. Bxe6+ Kb8 35. Rf8 1-0

[Event "Wch U20 Girls 22nd"]
[Site "Cochin"]
[Date "2004.11.29"]
[Round "12"]
[White "Sivasankari, P."]
[Black "Foudzi, Sitii Zulaikha"]
[Result "1-0"]
[WhiteElo "2112"]
[BlackElo "2162"]
[PlyCount "69"]
[EventDate "2004.11.20"]
[EventType "swiss"]
[EventRounds "13"]
[EventCountry "IND"]
[SourceTitle "CBM 103 Extra"]
[Source "ChessBase"]
[SourceDate "2005.01.01"]
[SourceVersion "1"]
[SourceVersionDate "2005.01.01"]
[SourceQuality "1"]

1. d4 Nf6 2. c4 g6 3. Nc3 Bg7 4. e4 d6 5. f3 0-0 6. Be3 e5 7. d5 c6 8. Bd3 cxd5 9. cxd5 Na6 10. Nge2 Nc7 11. 0-0 Nfe8 12. b4 Na6 13. Rb1 f5 14. exf5 gxf5 15. f4 e4 16. Bxa6 bxa6 17. Nd4 Bd7 18. Qe2 Nc7 19. a4 Qf6 20. Rfc1 Rfc8 21. b5 Qf7 22. Qa2 axb5 23. axb5 Ne8 24. Nc6 Bxc3 25. Rxc3 Bxc6 26. Rxc6 Rxc6 27. bxc6 Nc7 28. Qa5 Rc8 29. Qxa7 Qxd5 30. Rb8 Qd1+ 31. Kf2 Rxb8 32. Qxb8+ Kf7 33. Qxc7+ Kg6 34. Qb6 Kh5 35. Qb2 1-0

[Event "Wch U20 Girls 22nd"]
[Site "Cochin"]
[Date "2004.11.24"]
[Round "8"]
[White "Bensdorp, Marlies"]
[Black "Foudzi, Sitii Zulaikha"]
[Result "1/2-1/2"]
[WhiteElo "2214"]
[BlackElo "2162"]
[PlyCount "91"]
[EventDate "2004.11.20"]
[EventType "swiss"]
[EventRounds "13"]
[EventCountry "IND"]
[SourceTitle "CBM 103 Extra"]
[Source "ChessBase"]
[SourceDate "2005.01.01"]
[SourceVersion "1"]
[SourceVersionDate "2005.01.01"]
[SourceQuality "1"]

1. d4 Nf6 2. c4 g6 3. Nc3 Bg7 4. e4 d6 5. h3 0-0 6. Bg5 Na6 7. Bd3 e5 8. d5 c6 9. Nge2 Nc5 10. Bc2 cxd5 11. cxd5 a5 12. 0-0 Bd7 13. a3 a4 14. Kh1 Qb6 15. Rb1 h6 16. Be3 Qa6 17. Qd2 Kh7 18. Ng3 Bb5 19. Nxb5 Qxb5 20. f3 Nfd7 21. Ne2 Nb6 22. Nc3 Qa6 23. Qf2 Nbd7 24. Rbd1 b5 25. Na2 Qb7 26. Nb4 Na6 27. g4 Ndc5 28. Kg2 Rfc8 29. Qd2 Nd7 30. Bd3 Nac5 31. Qe2 Nxd3 32. Qxd3 Nc5 33. Bxc5 Rxc5 34. Rc1 Qb6 35. Rc2 Rac8 36. Rfc1 Bf6 37. Nc6 Bg5 38. Rxc5 dxc5 39. Rc2 c4 40. Qc3 f6 41. Re2 Qc5 42. Qa5 Be3 43. Qa6 Rg8 44. Qa5 Bd4 45. Rc2 h5 46. Qc7+ 1/2-1/2

[Event "Wch U20 Girls 22nd"]
[Site "Cochin"]
[Date "2004.11.22"]
[Round "6"]
[White "L'Ami, Alina"]
[Black "Foudzi, Sitii Zulaikha"]
[Result "1-0"]
[WhiteElo "2359"]
[BlackElo "2162"]
[PlyCount "87"]
[EventDate "2004.11.20"]
[EventType "swiss"]
[EventRounds "13"]
[EventCountry "IND"]
[SourceTitle "CBM 103 Extra"]
[Source "ChessBase"]
[SourceDate "2005.01.01"]
[SourceVersion "1"]
[SourceVersionDate "2005.01.01"]
[SourceQuality "1"]

1. d4 Nf6 2. c4 g6 3. Nc3 Bg7 4. e4 d6 5. h3 0-0 6. Bg5 Na6 7. Bd3 e5 8. d5 Qe8 9. g4 Nd7 10. a3 Ndc5 11. Bc2 f5 12. b4 Nxe4 13. Nxe4 fxe4 14. Bxe4 Nb8 15. Ne2 Nd7 16. 0-0 Nf6 17. Nc3 Bd7 18. Qb3 h6 19. Be3 Nxe4 20. Nxe4 Qe7 21. f3 Rf7 22. Kg2 b6 23. c5 Bb5 24. Rf2 Raf8 25. a4 Ba6 26. a5 bxc5 27. bxc5 Qh4 28. Qd1 dxc5 29. Bxc5 Rd8 30. Qb3 Kh7 31. Rd2 Bf8 32. d6 Rdd7 33. Bf2 Qd8 34. Nc5 Bc8 35. Nxd7 Qxd7 36. dxc7 Qxc7 37. a6 Rf6 38. Rc2 Qd8 39. Rxc8 Qxc8 40. Qb7+ Qxb7 41. axb7 Bd6 42. Rxa7 Bb8 43. Ra8 Rf8 44. Ba7 1-0

[Event "Wch U16 Girls"]
[Site "Heraklion"]
[Date "2004.11.13"]
[Round "11"]
[White "Pertlova, Sona"]
[Black "Foudzi, Sitii Zulaikha"]
[Result "1/2-1/2"]
[WhiteElo "2053"]
[BlackElo "2162"]
[PlyCount "53"]
[EventDate "2004.11.04"]
[EventType "swiss"]
[EventRounds "11"]
[EventCountry "GRE"]
[SourceTitle "EXT 2005"]
[Source "ChessBase"]
[SourceDate "2004.11.15"]
[SourceVersion "1"]
[SourceVersionDate "2004.11.15"]
[SourceQuality "1"]

1. Nf3 Nf6 2. g3 g6 3. b3 Bg7 4. Bb2 0-0 5. Bg2 d6 6. d4 Nbd7 7. 0-0 c6 8. Nbd2 b6 9. e4 Bb7 10. Qe2 Ne8 11. Rfd1 Nc7 12. c4 c5 13. Nf1 cxd4 14. Nxd4 Nc5 15. Qc2 Qe8 16. Ne3 b5 17. Nd5 Nxd5 18. cxd5 a6 19. Rac1 Rc8 20. Qd2 e5 21. dxe6 fxe6 22. Re1 e5 23. Nc2 Qe6 24. Nb4 Rf7 25. Re2 Rcf8 26. Rd1 Rd8 27. Nd5 1/2-1/2

[Event "Wch U16 Girls"]
[Site "Heraklion"]
[Date "2004.11.07"]
[Round "5"]
[White "Pourkashiyan, Atousa"]
[Black "Foudzi, Sitii Zulaikha"]
[Result "1/2-1/2"]
[WhiteElo "2217"]
[BlackElo "2162"]
[PlyCount "107"]
[EventDate "2004.11.04"]
[EventType "swiss"]
[EventRounds "11"]
[EventCountry "GRE"]
[SourceTitle "EXT 2005"]
[Source "ChessBase"]
[SourceDate "2004.11.15"]
[SourceVersion "1"]
[SourceVersionDate "2004.11.15"]
[SourceQuality "1"]

1. e4 c5 2. Nf3 Nc6 3. d4 cxd4 4. Nxd4 g6 5. c4 Bg7 6. Be3 Nf6 7. Nc3 Ng4 8. Qxg4 Nxd4 9. Qd1 Ne6 10. Be2 Qa5 11. Qd2 Bxc3 12. bxc3 b6 13. 0-0 Bb7 14. f3 Rc8 15. Rab1 Qa4 16. Kh1 Qc6 17. Rfd1 Qc7 18. Bh6 Rg8 19. Be3 Bc6 20. Bd4 g5 21. Bd3 h5 22. Rf1 Qd6 23. e5 Qc7 24. Bh7 Rg7 25. Bf5 Ba8 26. Rbd1 Rd8 27. Be3 Qxc4 28. Bxe6 fxe6 29. Bxg5 Bd5 30. Bh6 Rg6 31. Qe3 Kf7 32. Bg5 Rc8 33. h4 Kg8 34. a3 Qc5 35. Qd3 Kg7 36. Rfe1 Qc4 37. Qe3 Qxc3 38. Rd3 Qc5 39. Qxc5 bxc5 40. Bxe7 c4 41. Rc3 Rb8 42. Bb4 Kf7 43. Kh2 Rb5 44. Rc2 Rg8 45. Kh3 a5 46. Bc3 Ra8 47. Kg3 Rb3 48. Ra1 Rg8+ 49. Kf2 a4 50. Bb4 Kg6 51. Rd1 Kf5 52. Re1 Rd3 53. Bc5 Rb8 54. Bb4 1/2-1/2

[Event "Olympiad Women-36"]
[Site "Mallorca"]
[Date "2004.10.27"]
[Round "12.1"]
[White "Calle Soto, Miryam"]
[Black "Foudzi, Sitii Zulaikha"]
[Result "1-0"]
[WhiteElo "2111"]
[BlackElo "2162"]
[PlyCount "96"]
[EventDate "2004.10.15"]
[EventType "team-swiss"]
[EventRounds "14"]
[EventCountry "ESP"]
[SourceTitle "CBM 102 Extra"]
[Source "ChessBase"]
[SourceDate "2004.11.03"]
[SourceVersion "1"]
[SourceVersionDate "2004.11.03"]
[SourceQuality "1"]
[WhiteTeam "Peru (W)"]
[BlackTeam "Malaysia (W)"]
[WhiteTeamCountry "PER"]
[BlackTeamCountry "MAS"]

1. e4 c5 2. Nf3 Nc6 3. d3 g6 4. g3 Bg7 5. Bg2 d6 6. 0-0 Rb8 7. c3 e5 8. Nbd2 Nf6 9. Re1 0-0 10. Nf1 d5 11. Bg5 d4 12. cxd4 cxd4 13. Qd2 Qd6 14. Rec1 Nd7 15. Ne1 f6 16. Bh6 b6 17. Bxg7 Kxg7 18. h4 Nc5 19. Nh2 a5 20. h5 g5 21. Bf3 Be6 22. Nc2 b5 23. Bg4 Bf7 24. Kh1 h6 25. Rg1 b4 26. Ne1 Kh8 27. Ng2 Ne7 28. f4 Qa6 29. Rgd1 Be6 30. Qe2 Rfc8 31. Rac1 Kg7 32. Kg1 Qd6 33. Rf1 Na4 34. Rxc8 Nxc8 35. fxe5 fxe5 36. Rf8 Kxf8 37. Bxe6 Qxe6 38. Qc2 Nab6 39. Qc5+ Qd6 40. Qxa5 Kg7 41. Ng4 Nd7 42. Qd8 Ncb6 43. Qe8 Nc5 44. Nxe5 Qe6 45. Qxe6 Nxe6 46. Ne1 Na4 47. Nc4 g4 48. Nc2 Nf4 1-0